| 000 | 00515nam a22001817a 4500 | ||
|---|---|---|---|
| 003 | OSt | ||
| 005 | 20140310181745.0 | ||
| 008 | 130621t xxu||||| |||| 00| 0 eng d | ||
| 020 | _a9781876659752 | ||
| 050 |
_aBF 121 _b.P467 2008 |
||
| 082 |
_aIB 530 _bP41 2008 |
||
| 100 | _aPersson, Ulf. | ||
| 245 |
_aPsychology Research Units : _bfor use with the IB Diploma Programme / _cUlf Persson. |
||
| 260 |
_aVictoria : _bIBID Press, _cc2008. |
||
| 300 |
_a248 p. : _c32 cm. |
||
| 942 |
_2lcc _cBK |
||
| 999 |
_c2954 _d2954 |
||